[Event "Moscow Aeroflot op-A"]
[Site "Moscow"]
[Date "2020.02.20"]
[Round "2"]
[White "Sethuraman, SP."]
[Black "Sengupta, Deep"]
[Result "1-0"]
[WhiteElo "2641"]
[BlackElo "2534"]
[PlyCount "103"]
[EventDate "2020.02.19"]
[EventType "swiss"]
[EventRounds "9"]
[EventCountry "RUS"]
[SourceTitle "CBM 195"]
[Source "ChessBase"]
[SourceDate "2020.04.30"]
[SourceVersion "1"]
[SourceVersionDate "2020.04.30"]
[SourceQuality "1"]

1. e4 e6 2. d4 d5 3. Nc3 dxe4 4. Nxe4 Bd7 5. Nf3 Bc6 6. Bd3 Nd7 7. O-O Ngf6 8.
Ng3 Be7 9. Re1 O-O 10. c3 b6 11. Qe2 Bxf3 12. Qxf3 c5 13. dxc5 Nxc5 14. Bc2 Qd5
15. Qe2 Rfd8 16. Be3 Rac8 17. Bd4 a5 18. Rad1 Qc6 19. Rd2 Ncd7 20. Red1 Nf8 21.
Nf5 exf5 22. Qxe7 Ng6 23. Qa7 Nf4 24. f3 N6d5 25. Qa6 Ra8 26. Qf1 g6 27. Bb3 a4
28. Bc4 a3 29. b3 Nc7 30. Qe1 Nfe6 31. Bf6 Rxd2 32. Qxd2 b5 33. Bf1 Ne8 34. Be7
Qc7 35. Bh4 Rc8 36. c4 bxc4 37. Bxc4 f4 38. Qd7 N8g7 39. Qxc7 Rxc7 40. g4 g5
41. Be1 h5 42. h3 hxg4 43. hxg4 Ne8 44. Kf2 Nf6 45. Bc3 Nd7 46. Rh1 Ng7 47. Rh6
Nc5 48. Be5 Rc8 49. Bd4 Nce6 50. Bxe6 fxe6 51. Rg6 Rc7 52. Rxg5 1-0

[Event "Moscow Aeroflot op-A"]
[Site "Moscow"]
[Date "2020.02.20"]
[Round "2"]
[White "Shtembuliak, Evgeny"]
[Black "Karthik, Venkataraman"]
[Result "1-0"]
[WhiteElo "2628"]
[BlackElo "2483"]
[PlyCount "91"]
[EventDate "2020.02.19"]
[EventType "swiss"]
[EventRounds "9"]
[EventCountry "RUS"]
[SourceTitle "CBM 195"]
[Source "ChessBase"]
[SourceDate "2020.04.30"]
[SourceVersion "1"]
[SourceVersionDate "2020.04.30"]
[SourceQuality "1"]

1. d4 Nf6 2. c4 g6 3. Nc3 d5 4. cxd5 Nxd5 5. e4 Nxc3 6. bxc3 Bg7 7. Bb5+ c6 8.
Ba4 b5 9. Bb3 b4 10. Qf3 O-O 11. Ne2 bxc3 12. h4 h5 13. Qxc3 Ba6 14. e5 c5 15.
Qxc5 Nd7 16. Qc6 Bxe2 17. Kxe2 Nb6 18. Be3 e6 19. g4 Rc8 20. Qb5 hxg4 21. h5
gxh5 22. Rxh5 Nd5 23. Bxd5 Qxd5 24. Qxd5 exd5 25. Kd3 f5 26. exf6 Rxf6 27. Rxd5
g3 28. fxg3 Rf3 29. g4 Re8 30. Re1 Rg3 31. g5 Bf8 32. Re5 Rxe5 33. dxe5 Be7 34.
Ke4 Bxg5 35. Bxg5 Rxg5 36. Rf1 Rg2 37. a3 Re2+ 38. Kd5 Rd2+ 39. Kc6 Rc2+ 40.
Kd7 Rd2+ 41. Ke7 Rd3 42. Rg1+ Kh7 43. a4 Rd4 44. a5 Rd5 45. Kf7 Kh6 46. Rg6+
1-0

[Event "Moscow Aeroflot op-A"]
[Site "Moscow"]
[Date "2020.02.20"]
[Round "2"]
[White "Sjugirov, Sanan"]
[Black "Sivuk, Vitaly"]
[Result "1-0"]
[WhiteElo "2674"]
[BlackElo "2557"]
[PlyCount "101"]
[EventDate "2020.02.19"]
[EventType "swiss"]
[EventRounds "9"]
[EventCountry "RUS"]
[SourceTitle "CBM 195"]
[Source "ChessBase"]
[SourceDate "2020.04.30"]
[SourceVersion "1"]
[SourceVersionDate "2020.04.30"]
[SourceQuality "1"]

1. d4 d5 2. c4 e6 3. Nf3 Nf6 4. g3 Be7 5. Bg2 O-O 6. O-O dxc4 7. Qc2 c6 8. Qxc4
b5 9. Qc2 Bb7 10. Nc3 Nbd7 11. Ne5 Rc8 12. Rd1 Qc7 13. Nxd7 Nxd7 14. Bf4 Qb6
15. Be3 Qa6 16. Ne4 Rfd8 17. a3 h6 18. Rac1 Qa5 19. Bd2 Qc7 20. Bf4 Qb6 21. Nd6
Bxd6 22. Bxd6 a5 23. b3 Qa6 24. e3 a4 25. b4 Nb6 26. Bc5 Nc4 27. Qc3 Qa8 28. e4
Rd7 29. e5 Re8 30. Be4 Qd8 31. Re1 f5 32. exf6 Qxf6 33. f4 Nd6 34. Bb1 Nf5 35.
Re5 Rd5 36. Rce1 Rxe5 37. dxe5 Qg6 38. Qf3 Rd8 39. g4 h5 40. h3 Rd2 41. Be4
hxg4 42. hxg4 Nh4 43. Qg3 Nf5 44. Qf3 Nh4 45. Qh3 Nf5 46. Be3 Ra2 47. Rd1 Rxa3
48. Rd8+ Kf7 49. Bc5 Ra1+ 50. Kf2 Ra2+ 51. Ke1 1-0

[Event "Moscow Aeroflot op-A"]
[Site "Moscow"]
[Date "2020.02.20"]
[Round "2"]
[White "Smirin, Ilia"]
[Black "Raja, Harshit"]
[Result "1/2-1/2"]
[WhiteElo "2615"]
[BlackElo "2472"]
[PlyCount "48"]
[EventDate "2020.02.19"]
[EventType "swiss"]
[EventRounds "9"]
[EventCountry "RUS"]
[SourceTitle "CBM 195"]
[Source "ChessBase"]
[SourceDate "2020.04.30"]
[SourceVersion "1"]
[SourceVersionDate "2020.04.30"]
[SourceQuality "1"]

1. e4 c5 2. Nf3 d6 3. d4 cxd4 4. Nxd4 Nf6 5. Nc3 a6 6. Be3 e5 7. Nf3 Be7 8. Nd2
b5 9. a4 b4 10. Nd5 Nxd5 11. exd5 Nd7 12. a5 f5 13. Nc4 O-O 14. Ra4 Rb8 15. Bb6
Nxb6 16. Nxb6 Qc7 17. Rxb4 Qc5 18. Ra4 Bd8 19. b4 Qc3+ 20. Qd2 Qb2 21. c3 Qb1+
22. Qd1 Qe4+ 23. Qe2 Qb1+ 24. Qd1 Qe4+ 1/2-1/2

[Event "Moscow Aeroflot op-A"]
[Site "Moscow"]
[Date "2020.02.20"]
[Round "2"]
[White "Sunilduth Lyna, Narayanan"]
[Black "Kulaots, Kaido"]
[Result "1/2-1/2"]
[WhiteElo "2637"]
[BlackElo "2510"]
[PlyCount "95"]
[EventDate "2020.02.19"]
[EventType "swiss"]
[EventRounds "9"]
[EventCountry "RUS"]
[SourceTitle "CBM 195"]
[Source "ChessBase"]
[SourceDate "2020.04.30"]
[SourceVersion "1"]
[SourceVersionDate "2020.04.30"]
[SourceQuality "1"]

1. d4 Nf6 2. c4 g6 3. Nc3 d5 4. cxd5 Nxd5 5. e4 Nxc3 6. bxc3 Bg7 7. Be3 c5 8.
Rc1 Qa5 9. Qd2 cxd4 10. cxd4 Qxd2+ 11. Bxd2 O-O 12. Nf3 Bg4 13. Be3 Rd8 14. Bb5
a6 15. Ba4 Bd7 16. Bxd7 Nxd7 17. Rc7 b5 18. Ke2 Nf6 19. Kd3 Kf8 20. Rhc1 Ne8
21. R7c6 Nd6 22. Nd2 Ke8 23. d5 e6 24. dxe6 fxe6 25. Ke2 Rdc8 26. Rc7 Bf6 27.
R1c6 Rxc7 28. Rxc7 Rc8 29. Rxc8+ Nxc8 30. Nb3 Be7 31. f4 Kd7 32. Kd3 Kc6 33.
Nd4+ Kd7 34. Nb3 Kc6 35. g4 Bd6 36. Nd4+ Kd7 37. Nf3 Ne7 38. Ng5 h5 39. h3 hxg4
40. hxg4 Nc6 41. Bd2 Ke7 42. f5 Ne5+ 43. Ke2 exf5 44. exf5 gxf5 45. gxf5 Nc4
46. Bc3 Be5 47. Bxe5 Nxe5 48. Ne4 1/2-1/2

[Event "Moscow Aeroflot op-A"]
[Site "Moscow"]
[Date "2020.02.20"]
[Round "2"]
[White "Sychev, Klementy"]
[Black "Soumya, Swaminathan"]
[Result "1-0"]
[WhiteElo "2563"]
[BlackElo "2369"]
[PlyCount "75"]
[EventDate "2020.02.19"]
[EventType "swiss"]
[EventRounds "9"]
[EventCountry "RUS"]
[SourceTitle "CBM 195"]
[Source "ChessBase"]
[SourceDate "2020.04.30"]
[SourceVersion "1"]
[SourceVersionDate "2020.04.30"]
[SourceQuality "1"]

1. e4 c5 2. Nf3 Nc6 3. d4 cxd4 4. Nxd4 Nf6 5. Nc3 d6 6. Bg5 e6 7. Bb5 Bd7 8.
Qd3 h6 9. Bh4 g5 10. Bg3 Nh5 11. O-O-O Nxg3 12. hxg3 Qb6 13. Bxc6 bxc6 14. f4
gxf4 15. gxf4 Rg8 16. g3 O-O-O 17. Nb3 c5 18. Rd2 Kb8 19. Rhd1 Be7 20. Kb1 Rc8
21. Qf3 Rc7 22. f5 Re8 23. f6 Bf8 24. Qf4 c4 25. Nc1 d5 26. exd5 Ba3 27. b3
cxb3 28. cxb3 e5 29. Qf3 h5 30. d6 Rc5 31. N1e2 Bg4 32. d7 Rd8 33. Qe3 Bb4 34.
Nd5 Rxd5 35. Qxb6+ axb6 36. Rxd5 Bxe2 37. Rc1 e4 38. Kb2 1-0

[Event "Moscow Aeroflot op-A"]
[Site "Moscow"]
[Date "2020.02.20"]
[Round "2"]
[White "Visakh, NR."]
[Black "Zvjaginsev, Vadim"]
[Result "1/2-1/2"]
[WhiteElo "2518"]
[BlackElo "2623"]
[PlyCount "56"]
[EventDate "2020.02.19"]
[EventType "swiss"]
[EventRounds "9"]
[EventCountry "RUS"]
[SourceTitle "CBM 195"]
[Source "ChessBase"]
[SourceDate "2020.04.30"]
[SourceVersion "1"]
[SourceVersionDate "2020.04.30"]
[SourceQuality "1"]

1. d4 d5 2. c4 e6 3. Nc3 Nf6 4. cxd5 exd5 5. Bg5 c6 6. e3 Be7 7. Bd3 O-O 8. Qc2
h6 9. Bf4 c5 10. dxc5 Nc6 11. Nge2 d4 12. Nxd4 Nxd4 13. exd4 Qxd4 14. Be3 Qe5
15. Ne2 Rd8 16. O-O Ng4 17. Bf4 Qxc5 18. h3 Nf6 19. Qxc5 Bxc5 20. Rfd1 Be6 21.
Be5 Rd7 22. Nf4 Rad8 23. Bxf6 gxf6 24. Nxe6 fxe6 25. Be2 Rd2 26. Kf1 Kf8 27.
Ke1 Rxd1+ 28. Rxd1 Rxd1+ 1/2-1/2

[Event "Moscow Aeroflot op-A"]
[Site "Moscow"]
[Date "2020.02.20"]
[Round "2"]
[White "Vogel, Roven"]
[Black "Antipov, Mikhail Al"]
[Result "1/2-1/2"]
[WhiteElo "2473"]
[BlackElo "2562"]
[PlyCount "86"]
[EventDate "2020.02.19"]
[EventType "swiss"]
[EventRounds "9"]
[EventCountry "RUS"]
[SourceTitle "CBM 195"]
[Source "ChessBase"]
[SourceDate "2020.04.30"]
[SourceVersion "1"]
[SourceVersionDate "2020.04.30"]
[SourceQuality "1"]

1. d4 Nf6 2. c4 g6 3. Nc3 d5 4. cxd5 Nxd5 5. g3 Nxc3 6. bxc3 c5 7. Nf3 Bg7 8.
Bg2 Nc6 9. O-O O-O 10. Rb1 Qa5 11. d5 Ne5 12. Nxe5 Bxe5 13. a4 Rb8 14. Rb5 Qa6
15. Bf4 Bxf4 16. gxf4 Qd6 17. e3 a6 18. Rb2 b5 19. axb5 axb5 20. Qd2 f5 21.
Rfb1 Bd7 22. Bf1 c4 23. Qd4 Rfc8 24. Ra1 Qc5 25. Ra7 Qxd4 26. exd4 Be8 27. Rxe7
Bf7 28. Rb4 Bxd5 29. Re5 Bc6 30. Bg2 Be8 31. Re7 Rd8 32. Rc7 Rbc8 33. Ra7 Rd7
34. Rxd7 Bxd7 35. Bb7 Rd8 36. d5 Kf7 37. Bc6 Bxc6 38. dxc6 Rb8 39. Kg2 Ke6 40.
c7 Rc8 41. Rxb5 Rxc7 42. h4 Kd6 43. h5 Rc5 1/2-1/2

[Event "Moscow Aeroflot op-A"]
[Site "Moscow"]
[Date "2020.02.20"]
[Round "2"]
[White "Wagner, Dennis"]
[Black "Kovalev, Vladislav"]
[Result "1/2-1/2"]
[WhiteElo "2590"]
[BlackElo "2650"]
[PlyCount "30"]
[EventDate "2020.02.19"]
[EventType "swiss"]
[EventRounds "9"]
[EventCountry "RUS"]
[SourceTitle "CBM 195"]
[Source "ChessBase"]
[SourceDate "2020.04.30"]
[SourceVersion "1"]
[SourceVersionDate "2020.04.30"]
[SourceQuality "1"]

1. d4 Nf6 2. Nf3 g6 3. c4 Bg7 4. Nc3 O-O 5. e4 d6 6. Be2 e5 7. O-O Nc6 8. d5
Ne7 9. b4 a5 10. bxa5 Rxa5 11. a4 c5 12. Bd2 h6 13. Bd3 Ne8 14. Ra3 f5 15. exf5
Nxf5 1/2-1/2

[Event "Moscow Aeroflot op-A"]
[Site "Moscow"]
[Date "2020.02.20"]
[Round "2"]
[White "Yilmaz, Mustafa"]
[Black "Suleymanli, Aydin Elshan"]
[Result "1/2-1/2"]
[WhiteElo "2607"]
[BlackElo "2474"]
[PlyCount "57"]
[EventDate "2020.02.19"]
[EventType "swiss"]
[EventRounds "9"]
[EventCountry "RUS"]
[SourceTitle "CBM 195"]
[Source "ChessBase"]
[SourceDate "2020.04.30"]
[SourceVersion "1"]
[SourceVersionDate "2020.04.30"]
[SourceQuality "1"]

1. d4 d5 2. c4 e6 3. Nf3 Be7 4. Nc3 Nf6 5. Bf4 O-O 6. e3 b6 7. cxd5 Nxd5 8.
Nxd5 Qxd5 9. Be2 Qa5+ 10. Nd2 Ba6 11. O-O c5 12. Nc4 Bxc4 13. Bxc4 cxd4 14.
exd4 Nc6 15. d5 exd5 16. Qxd5 Qxd5 17. Bxd5 Rac8 18. Rac1 Nd4 19. Bc4 Bf6 20.
b3 Rfd8 21. Ba6 Rc2 22. Rxc2 Nxc2 23. Bc4 Nb4 24. a4 Nc6 25. Rb1 g6 26. Kf1 Kg7
27. Be3 Nd4 28. Rc1 Nf5 29. Ke2 1/2-1/2

[Event "Moscow Aeroflot op-A"]
[Site "Moscow"]
[Date "2020.02.20"]
[Round "2"]
[White "Zanan, Evgeny"]
[Black "Chigaev, Maksim"]
[Result "1-0"]
[WhiteElo "2500"]
[BlackElo "2616"]
[PlyCount "93"]
[EventDate "2020.02.19"]
[EventType "swiss"]
[EventRounds "9"]
[EventCountry "RUS"]
[SourceTitle "CBM 195"]
[Source "ChessBase"]
[SourceDate "2020.04.30"]
[SourceVersion "1"]
[SourceVersionDate "2020.04.30"]
[SourceQuality "1"]

1. e4 e5 2. Nf3 Nc6 3. Bb5 a6 4. Ba4 Nf6 5. O-O Be7 6. Re1 b5 7. Bb3 d6 8. c3
O-O 9. h3 Re8 10. d4 Bb7 11. Nbd2 Bf8 12. a3 h6 13. Bc2 Nb8 14. b4 Nbd7 15. Bb2
c5 16. d5 a5 17. bxa5 Qxa5 18. c4 Ba6 19. cxb5 Bxb5 20. a4 Ba6 21. Nb3 Qc7 22.
Bc3 c4 23. Na5 Nc5 24. Nc6 Nfd7 25. Qd2 Nd3 26. Bxd3 cxd3 27. Ba5 Qc8 28. Bb4
Nf6 29. Qe3 Nh5 30. Red1 Nf4 31. Ne1 f5 32. Nxd3 Nxd3 33. Rxd3 Bxd3 34. Qxd3
fxe4 35. Qxe4 Kh8 36. a5 Qa6 37. Bd2 Be7 38. Rb1 Bf6 39. Rb6 Qc8 40. Be3 Rf8
41. Qd3 Bg5 42. Bxg5 hxg5 43. a6 Qe8 44. Rb7 e4 45. Qc3 Rf7 46. Qe3 Kh7 47.
Qxg5 1-0

[Event "Moscow Aeroflot op-A"]
[Site "Moscow"]
[Date "2020.02.20"]
[Round "2"]
[White "Zarubitski, Viachaslau"]
[Black "Petrosyan, Manuel"]
[Result "0-1"]
[WhiteElo "2432"]
[BlackElo "2590"]
[PlyCount "68"]
[EventDate "2020.02.19"]
[EventType "swiss"]
[EventRounds "9"]
[EventCountry "RUS"]
[SourceTitle "CBM 195"]
[Source "ChessBase"]
[SourceDate "2020.04.30"]
[SourceVersion "1"]
[SourceVersionDate "2020.04.30"]
[SourceQuality "1"]

1. e4 c5 2. Nf3 d6 3. Bb5+ Nd7 4. d4 cxd4 5. Qxd4 a6 6. Bxd7+ Bxd7 7. c4 Nf6 8.
Nc3 g6 9. b3 Bg7 10. Bb2 O-O 11. O-O Bc6 12. Nd5 b5 13. Rfc1 bxc4 14. Qxc4 Bxd5
15. exd5 Qa5 16. Bxf6 Bxf6 17. b4 Qa4 18. Nd4 Rfb8 19. Rab1 Bxd4 20. Qxd4 a5
21. Qe3 Rxb4 22. Qxe7 Qxa2 23. Ra1 Qxd5 24. Rd1 Rd4 25. Re1 Kg7 26. h4 h5 27.
Ra3 Rg4 28. g3 Rb4 29. Qc7 Rc4 30. Qb6 a4 31. Qb2+ Qd4 32. Qxd4+ Rxd4 33. Re7
Kf6 34. Rb7 Ra5 0-1

[Event "Moscow Aeroflot op-A"]
[Site "Moscow"]
[Date "2020.02.21"]
[Round "3"]
[White "Antipov, Mikhail Al"]
[Black "Krishna, CRG."]
[Result "1-0"]
[WhiteElo "2562"]
[BlackElo "2443"]
[PlyCount "51"]
[EventDate "2020.02.19"]
[EventType "swiss"]
[EventRounds "9"]
[EventCountry "RUS"]
[SourceTitle "CBM 195"]
[Source "ChessBase"]
[SourceDate "2020.04.30"]
[SourceVersion "1"]
[SourceVersionDate "2020.04.30"]
[SourceQuality "1"]

1. e4 e6 2. d4 d5 3. Nc3 Bb4 4. e5 c5 5. a3 Bxc3+ 6. bxc3 Ne7 7. h4 Qa5 8. Bd2
Qa4 9. Rb1 Qxa3 10. h5 h6 11. Ra1 Qb2 12. dxc5 Nd7 13. Rh4 Nc6 14. Rha4 Nxc5
15. R4a2 Qb6 16. Be3 a6 17. Rb1 Qa7 18. Bb5 Bd7 19. Qg4 b6 20. Qxg7 Rf8 21.
Bxc5 bxc5 22. Rxa6 Qb7 23. Rxa8+ Qxa8 24. Bxc6 Bxc6 25. Ne2 Kd7 26. Nf4 1-0

[Event "Moscow Aeroflot op-A"]
[Site "Moscow"]
[Date "2020.02.21"]
[Round "3"]
[White "Aravindh, Chithambaram VR"]
[Black "Moroni, Luca Jr"]
[Result "1-0"]
[WhiteElo "2630"]
[BlackElo "2536"]
[PlyCount "57"]
[EventDate "2020.02.19"]
[EventType "swiss"]
[EventRounds "9"]
[EventCountry "RUS"]
[SourceTitle "CBM 195"]
[Source "ChessBase"]
[SourceDate "2020.04.30"]
[SourceVersion "1"]
[SourceVersionDate "2020.04.30"]
[SourceQuality "1"]

1. Nf3 d5 2. d4 Nf6 3. c4 e6 4. Nc3 Nbd7 5. Bf4 dxc4 6. e3 Nd5 7. Bxc4 Nxf4 8.
exf4 Nb6 9. Bd3 g6 10. h4 Nd5 11. g3 Bg7 12. h5 Nxc3 13. bxc3 c5 14. Ne5 Qa5
15. Kf1 cxd4 16. cxd4 Qd5 17. Kg1 Bd7 18. Bc4 Qd6 19. Qb3 Bc6 20. Re1 Bxe5 21.
dxe5 Qc5 22. hxg6 Bxh1 23. gxf7+ Kf8 24. Kxh1 Rd8 25. Bxe6 Qxf2 26. Rd1 Kg7 27.
Bd5 Qe2 28. e6 Kh6 29. Qd3 1-0

[Event "Moscow Aeroflot op-A"]
[Site "Moscow"]
[Date "2020.02.21"]
[Round "3"]
[White "Artemiev, Vladislav"]
[Black "Cordova, Emilio"]
[Result "1/2-1/2"]
[WhiteElo "2728"]
[BlackElo "2593"]
[PlyCount "92"]
[EventDate "2020.02.19"]
[EventType "swiss"]
[EventRounds "9"]
[EventCountry "RUS"]
[SourceTitle "CBM 195"]
[Source "ChessBase"]
[SourceDate "2020.04.30"]
[SourceVersion "1"]
[SourceVersionDate "2020.04.30"]
[SourceQuality "1"]

1. Nf3 Nf6 2. c4 b6 3. g3 Bb7 4. Bg2 c5 5. O-O g6 6. Nc3 Bg7 7. d4 cxd4 8. Nxd4
Bxg2 9. Kxg2 Nc6 10. Nc2 O-O 11. e4 Ne8 12. Qe2 Rc8 13. Bd2 a6 14. Rad1 d6 15.
b3 Nb8 16. Rc1 e6 17. Nb4 Qd7 18. Rfd1 Qb7 19. f3 Nd7 20. Nd3 Ne5 21. Nxe5 Bxe5
22. Bh6 Bg7 23. Bxg7 Kxg7 24. Qe3 f6 25. Ne2 Rf7 26. Nf4 Re7 27. h4 Kg8 28. b4
Rc6 29. Qb3 Qc8 30. Rc3 Rec7 31. Rdc1 b5 32. c5 dxc5 33. bxc5 Kh8 34. Nd3 Rd7
35. R1c2 Rd4 36. Nb4 Rc7 37. Rd3 Rxd3 38. Nxd3 e5 39. Qa3 Nd6 40. Nb2 Nc4 41.
Nxc4 Rxc5 42. Ne3 Rxc2+ 43. Nxc2 Qxc2+ 44. Kg1 Qd1+ 45. Kf2 Qd4+ 46. Kg2 Qd2+
1/2-1/2

[Event "Moscow Aeroflot op-A"]
[Site "Moscow"]
[Date "2020.02.21"]
[Round "3"]
[White "Basso, Pier Luigi"]
[Black "Aditya, Mittal"]
[Result "1-0"]
[WhiteElo "2600"]
[BlackElo "2427"]
[PlyCount "79"]
[EventDate "2020.02.19"]
[EventType "swiss"]
[EventRounds "9"]
[EventCountry "RUS"]
[SourceTitle "CBM 195"]
[Source "ChessBase"]
[SourceDate "2020.04.30"]
[SourceVersion "1"]
[SourceVersionDate "2020.04.30"]
[SourceQuality "1"]

1. d4 Nf6 2. c4 e6 3. Nf3 d5 4. Nc3 dxc4 5. e4 Bb4 6. Bg5 c5 7. Bxc4 cxd4 8.
Nxd4 Qa5 9. Bd2 Qc5 10. Bb5+ Bd7 11. Nb3 Qe7 12. Bd3 Nc6 13. a3 Bd6 14. Be3 a6
15. O-O h5 16. h3 Ng4 17. Bb6 Bh2+ 18. Kh1 Bb8 19. Be2 g5 20. Nc5 Bc8 21. g3
Nge5 22. Bxh5 Qf6 23. N5a4 Qh6 24. g4 Qf6 25. Kg2 Nc4 26. Qe2 N6e5 27. Rad1 Bd7
28. b3 Nxa3 29. Nc5 Nb5 30. Nxd7 Nxd7 31. Rxd7 Kxd7 32. Rd1+ Ke8 33. Nxb5 Qe5
34. Rd8+ Ke7 35. Qd3 Bd6 36. Rxd6 Qxb5 37. Qxb5 axb5 38. Bc5 Rhc8 39. Bb4 Ke8
40. Rxe6+ 1-0

[Event "Moscow Aeroflot op-A"]
[Site "Moscow"]
[Date "2020.02.21"]
[Round "3"]
[White "Buksa, Nataliya"]
[Black "Abdumalik, Zhansaya"]
[Result "1-0"]
[WhiteElo "2403"]
[BlackElo "2471"]
[PlyCount "115"]
[EventDate "2020.02.19"]
[EventType "swiss"]
[EventRounds "9"]
[EventCountry "RUS"]
[SourceTitle "CBM 195"]
[Source "ChessBase"]
[SourceDate "2020.04.30"]
[SourceVersion "1"]
[SourceVersionDate "2020.04.30"]
[SourceQuality "1"]

1. e4 e5 2. Nf3 Nc6 3. Bc4 Bc5 4. c3 Nf6 5. d4 exd4 6. e5 d5 7. Bb5 Ne4 8. cxd4
Bb6 9. Nc3 O-O 10. Be3 Bg4 11. h3 Bh5 12. Qc2 Nxc3 13. bxc3 f6 14. exf6 Qxf6
15. Be2 Na5 16. Ne5 Bxe2 17. Qxe2 Qe6 18. O-O Rae8 19. a4 c6 20. Rab1 Bc7 21.
f4 a6 22. g4 Qe7 23. Qa2 Kh8 24. Rbe1 Qd8 25. Bc1 Bd6 26. Re2 Qe7 27. Rfe1 Ra8
28. f5 b5 29. Ba3 Nc4 30. Nxc4 dxc4 31. Bxd6 Qxd6 32. Re5 Rab8 33. R1e2 Qh6 34.
Kf2 Qd6 35. Re1 Rbc8 36. Qe2 c5 37. dxc5 Rxc5 38. axb5 Rxb5 39. Rxb5 axb5 40.
Qe7 Qc6 41. Kg3 Qc8 42. Re5 h6 43. h4 Qb8 44. Kf4 Kg8 45. g5 Qb6 46. Rc5 hxg5+
47. hxg5 Qd8 48. Qxd8 Rxd8 49. Rxb5 Rd3 50. Rb8+ Kf7 51. g6+ Ke7 52. Rb7+ Kf8
53. Rb8+ Ke7 54. Rg8 Rxc3 55. Rxg7+ Ke8 56. Rc7 Rc1 57. g7 Rg1 58. f6 1-0

[Event "Moscow Aeroflot op-A"]
[Site "Moscow"]
[Date "2020.02.21"]
[Round "3"]
[White "Can, Emre"]
[Black "Sjugirov, Sanan"]
[Result "1/2-1/2"]
[WhiteElo "2600"]
[BlackElo "2674"]
[PlyCount "84"]
[EventDate "2020.02.19"]
[EventType "swiss"]
[EventRounds "9"]
[EventCountry "RUS"]
[SourceTitle "CBM 195"]
[Source "ChessBase"]
[SourceDate "2020.04.30"]
[SourceVersion "1"]
[SourceVersionDate "2020.04.30"]
[SourceQuality "1"]

1. d4 Nf6 2. c4 c6 3. Nf3 d5 4. e3 Bf5 5. Nc3 e6 6. Nh4 Be4 7. f3 Bg6 8. Qb3
Qc7 9. Bd2 Be7 10. Nxg6 hxg6 11. cxd5 cxd5 12. O-O-O Nc6 13. Kb1 a6 14. Rc1 Rc8
15. Bd3 Nd7 16. Ne2 b5 17. a4 bxa4 18. Qxa4 Nb6 19. Qxa6 Ra8 20. Qb5 Kd7 21.
Qb3 Qa7 22. Bb5 Rhc8 23. Kc2 Nc4 24. Ra1 Qc7 25. Rxa8 Rxa8 26. Rc1 Nd6 27. Kb1
Nxb5 28. Qxb5 Rb8 29. Qa4 Qb7 30. Bc3 Ra8 31. Qd1 Qb5 32. Kc2 Ra2 33. Rb1 Bb4
34. Qd3 Qb8 35. f4 Bxc3 36. Qxc3 Ra7 37. Kd1 Qb5 38. Rc1 Ra2 39. Rc2 Ra1+ 40.
Rc1 Ra2 41. Rc2 Ra1+ 42. Rc1 Ra2 1/2-1/2

[Event "Moscow Aeroflot op-A"]
[Site "Moscow"]
[Date "2020.02.21"]
[Round "3"]
[White "Chigaev, Maksim"]
[Black "Badelka, Olga"]
[Result "1/2-1/2"]
[WhiteElo "2616"]
[BlackElo "2404"]
[PlyCount "99"]
[EventDate "2020.02.19"]
[EventType "swiss"]
[EventRounds "9"]
[EventCountry "RUS"]
[SourceTitle "CBM 195"]
[Source "ChessBase"]
[SourceDate "2020.04.30"]
[SourceVersion "1"]
[SourceVersionDate "2020.04.30"]
[SourceQuality "1"]

1. e4 c5 2. Nf3 Nf6 3. Nc3 d5 4. exd5 Nxd5 5. Bb5+ Bd7 6. Ne5 Nf6 7. Qf3 Qc8 8.
Nxd7 Nbxd7 9. b3 e6 10. Bb2 a6 11. Bxd7+ Qxd7 12. O-O-O Be7 13. Qg3 O-O 14. Ne4
Kh8 15. h4 Qd5 16. d3 Rac8 17. Kb1 Qh5 18. f3 b5 19. Qf2 Qd5 20. h5 h6 21. Qe3
Ng8 22. c4 Qc6 23. Rc1 f5 24. cxb5 Qb6 25. Nf2 axb5 26. Nh3 Rfe8 27. g4 Bf6 28.
g5 Bxb2 29. Kxb2 e5 30. Rhg1 Qd6 31. gxh6 gxh6 32. Kb1 Re6 33. f4 exf4 34. Qd2
Re4 35. Rcf1 c4 36. Qc3+ Qd4 37. Qxd4+ Rxd4 38. dxc4 bxc4 39. Nxf4 Ne7 40. Ng6+
Nxg6 41. Rxg6 cxb3 42. axb3 Rb8 43. Rxh6+ Kg7 44. Rg6+ Kh7 45. Rf3 Rd2 46. Rc6
Rh2 47. h6 Rb7 48. Rcc3 Rh5 49. Rc5 Kxh6 50. Rfxf5 1/2-1/2

[Event "Moscow Aeroflot op-A"]
[Site "Moscow"]
[Date "2020.02.21"]
[Round "3"]
[White "Deac, Bogdan Daniel"]
[Black "Sychev, Klementy"]
[Result "1/2-1/2"]
[WhiteElo "2626"]
[BlackElo "2563"]
[PlyCount "36"]
[EventDate "2020.02.19"]
[EventType "swiss"]
[EventRounds "9"]
[EventCountry "RUS"]
[SourceTitle "CBM 195"]
[Source "ChessBase"]
[SourceDate "2020.04.30"]
[SourceVersion "1"]
[SourceVersionDate "2020.04.30"]
[SourceQuality "1"]

1. c4 c5 2. Nf3 Nf6 3. Nc3 e6 4. e4 Nc6 5. Be2 d5 6. exd5 exd5 7. d4 cxd4 8.
Nxd4 dxc4 9. Nxc6 Qxd1+ 10. Nxd1 bxc6 11. Bxc4 Nd5 12. Bd2 Be6 13. Rc1 Be7 14.
Ne3 O-O 15. O-O a5 16. Rfd1 Rfd8 17. Nxd5 cxd5 18. Bb5 a4 1/2-1/2

[Event "Moscow Aeroflot op-A"]
[Site "Moscow"]
[Date "2020.02.21"]
[Round "3"]
[White "Gadimbayli, Abdulla Azar"]
[Black "Ivic, Velimir"]
[Result "0-1"]
[WhiteElo "2460"]
[BlackElo "2558"]
[PlyCount "90"]
[EventDate "2020.02.19"]
[EventType "swiss"]
[EventRounds "9"]
[EventCountry "RUS"]
[SourceTitle "CBM 195"]
[Source "ChessBase"]
[SourceDate "2020.04.30"]
[SourceVersion "1"]
[SourceVersionDate "2020.04.30"]
[SourceQuality "1"]

1. e4 c5 2. Nf3 Nc6 3. Bb5 g6 4. Bxc6 dxc6 5. d3 Bg7 6. h3 Nf6 7. Nc3 Nd7 8.
Be3 e5 9. Qd2 h6 10. O-O b6 11. a4 a5 12. Nh2 Nf6 13. f4 exf4 14. Rxf4 Be6 15.
Raf1 Qe7 16. Ne2 O-O-O 17. Qc1 Nd7 18. R4f2 Ne5 19. Nf4 Bd7 20. Nf3 Rhf8 21.
Nxe5 Bxe5 22. c3 Bc7 23. Qc2 g5 24. Ne2 f5 25. d4 f4 26. Bd2 Rde8 27. e5 Bf5
28. Qd1 Rd8 29. Re1 Qh7 30. Qc1 Be4 31. b4 c4 32. bxa5 bxa5 33. Qa3 Bd5 34.
Ref1 f3 35. gxf3 Qd3 36. Ng3 Rxf3 37. Rxf3 Bxf3 38. Rf2 Bd5 39. Kh2 Re8 40. Qc5
h5 41. Bxg5 Qxc3 42. Bd2 Qb2 43. Be1 Qb1 44. Rf8 Qxe1 45. Rxe8+ Kb7 0-1

[Event "Moscow Aeroflot op-A"]
[Site "Moscow"]
[Date "2020.02.21"]
[Round "3"]
[White "Grigoriants, Sergey"]
[Black "Zarubitski, Viachaslau"]
[Result "1/2-1/2"]
[WhiteElo "2539"]
[BlackElo "2432"]
[PlyCount "42"]
[EventDate "2020.02.19"]
[EventType "swiss"]
[EventRounds "9"]
[EventCountry "RUS"]
[SourceTitle "CBM 195"]
[Source "ChessBase"]
[SourceDate "2020.04.30"]
[SourceVersion "1"]
[SourceVersionDate "2020.04.30"]
[SourceQuality "1"]

1. e4 c5 2. Nf3 e6 3. d4 cxd4 4. Nxd4 Nc6 5. Nc3 Qc7 6. g3 a6 7. Bg2 Nf6 8. O-O
h5 9. h3 Bc5 10. Nxc6 dxc6 11. Qf3 e5 12. Na4 Ba7 13. Be3 b5 14. Nc5 h4 15. g4
Qe7 16. Nd3 Nh7 17. Bxa7 Rxa7 18. Qe3 Rc7 19. f4 exf4 20. Nxf4 O-O 21. e5 Ng5
1/2-1/2